DEVELOPING TRANSFERABLE SKILLS (Record no. 15043)

MARC details
000 -LEADER
fixed length control field 00260nam a22001217a 4500
003 - CONTROL NUMBER IDENTIFIER
control field SGT
082 ## - DEWEY DECIMAL CLASSIFICATION NUMBER
Classification number 157.9
Item number D14D
100 ## - MAIN ENTRY--PERSONAL NAME
Personal name DENICOLO, PAM
245 ## - TITLE STATEMENT
Title DEVELOPING TRANSFERABLE SKILLS
260 ## - PUBLICATION, DISTRIBUTION, ETC. (IMPRINT)
Place of publication, distribution, etc ANGELES
Name of publisher, distributor, etc SAGE
Year of Publication 2014
300 ## - PAGE DESCRIPTION
No. of Pages 164
942 ## - ADDED ENTRY ELEMENTS (KOHA)
Source of classification or shelving scheme Dewey Decimal Classification
Koha item type Books
Holdings
Withdrawn status Lost status Source of classification or shelving scheme Damaged status Not for loan Collection code Home library Current library Shelving location Date acquired SGTU Total Checkouts Full call number Accession No. (Barcode) Date last seen Bill Date Koha item type
    Dewey Decimal Classification     MEDICAL SGT Medical Library SGT Medical Library Reference Book 05/02/2018 SGTU   157.9 D14D FM10340 05/02/2018 05/02/2018 Books